Statistiques concernant Alkpote, Musiques des ces derniers albums

Cliquez ici pour prendre le quiz!

Statistiques générales

  • Ce quiz a été pris 3 fois
  • Le résultat moyen est 27 sur 46

Statistiques - réponses

HintRéponse% Correct
MonumentAigle
100%
MonumentNautilus
100%
LSDCAlk2000
67%
MonumentAmour
67%
OgreBelles
67%
LSDCChargé
67%
LSDCCryptoPute
67%
LSDCDesign Cauchemardesque
67%
OgreDiana Ross
67%
OgreDilemme
67%
LSDCDraps en Sang
67%
LSDCEau de Vie
67%
OgreEssouflé
67%
OgreFontaine de Jouvence
67%
MonumentJamais
67%
OgreLangouste
67%
OgreLunettes Cartier
67%
LSDCMaison Piégée
67%
OgreNuméro de Série
67%
OgreOgre
67%
OgreOh Zut
67%
MonumentPactole
67%
OgrePas de Vacances
67%
MonumentPatek
67%
LSDCPerfect
67%
OgreQue du Buzz
67%
MonumentSablier
67%
MonumentSaltimbanque
67%
OgreScrutum
67%
MonumentSplash
67%
OgreUranus
67%
LSDCUrine Fluo
67%
MonumentBéni
33%
LSDCCendres et Poussières
33%
MonumentCicatrices
33%
MonumentDigestif
33%
OgreEnnemi Public
33%
MonumentFlamme
33%
LSDCGénocide
33%
MonumentPiment
33%
MonumentRécital
33%
LSDCRemboursement
33%
MonumentRevolver
33%
LSDCSang Chaud
33%
LSDCTamissage à sec
33%
ZZCCMXTPViolette & Citronnelle
33%

Distribution des résultats

Percentile par nombre de réponses

% des personnes avec chaque résultat

Votre développement - résultats

Vous n’avez pas pris ce quiz